000
00322cam a2200133ua 4500
020
_a
0-7069-2950-0
082
_a
025
_b
KRI/LI
100
_a
Krishan, Kumar .
_9
1375
245
_a
Library Manual /
250
_a
4 th Rev
260
_a
New Delhi :
_b
Vikas Publishing House Pvt Ltd
_c
2006.
300
_a
386 ; .
942
_c
BK
999
_c
9080
_d
9080